Cette année-là: 1840 - Statistiques

Statistiques générales
  • Ce quiz a été pris 12 fois
  • Le résultat moyen est 6 sur 10
Statistiques - réponses
Indice Réponse % Correct
Même date: Quel nom est donné à ce territoire ? Terre Adélie
91%
7 décembre: Cet explorateur quitte la Grande Bretagne pour l'Afrique, il sera un jour recherché par Stanley... David Livingstone
82%
1er janvier: Instauration définitive de ce système de mesures en France Système métrique
82%
6 août: Louis-Napoléon Bonaparte débarque dans cette sous préfecture Pas-de-Calais Boulogne sur Mer
73%
10 septembre: Mise en service de cette gare à Paris Gare Montparnasse
73%
6 février: Ce peuple de Nouvelle-Zélande se soumet aux britanniques Maoris
73%
21 janvier: Je prends possession au nom de la France d'une terre Antarctique Jules Dumont d'Urville
64%
15 décembre: Cette "relique" est ramenée en France de Sainte-Hélène Cendres de Napoléon
45%
7 octobre: Incarcération de Bonaparte dans cette prison Fort de Ham
45%
1er juin: Recensement américain, combien d'esclaves sur les 17 millions d'habitants (à la centaine de mille près) ? 2 487 355
9%
Aucun quiz correspondant
Distribution des résultats
% des personnes avec chaque résultat
Percentile par nombre de réponses
Votre historique - résultats
Vous n’avez pas pris ce quiz